000 00636nam a22001937a 4500
003 OSt
005 20250625081827.0
008 250625b |||||||| |||| 00| 0 eng d
020 _a978-971-27-3177-8
040 _aDWCL- Main lib
_cOC
082 _aCirc. 306.095 S193u 2017
100 _aDavid, Randolf S.
245 _aUnderstanding philippine society, culture, and politics/
_cRandolf S. David
260 _aMandaluyong City:
_bAnvil Publishing, Inc.,
_cc2017.
300 _axiii, 271 pages:
_billustrations;
_c26cm.
504 _aIncludes bibliographical references.
700 _aLaura Samson
942 _2ddc
_cBK-CIRC
_kCirc.
_n0
999 _c3280
_d3280